000 00302nam a2200121Ia 4500
008 190902s9999||||xx |||||||||||||| ||und||
020 _a0-471-15306-6
100 _aJohn T. Demel
245 0 _aIntroduction to Computer Graphics
260 _aIndia
_bThe McGraw-Hill
_c1984
300 _a427
942 _cBK
999 _c2773
_d2773